Διακίνηση οχημάτων στο χώρο διάθεσης απορριμμάτων "Λεμονού" : πτυχιακή εργασία

Αποθηκεύτηκε σε:
Λεπτομέρειες βιβλιογραφικής εγγραφής
Κύριος συγγραφέας: Παναγόπουλος, Χρήστος
Συγγραφή απο Οργανισμό/Αρχή: Πανεπιστήμιο Αιγαίου. Σχολή Περιβάλλοντος. Τμήμα Περιβάλλοντος
Άλλοι συγγραφείς: Παπαδόπουλος, Αλέξανδρος, Χαλβαδάκης, Κωνσταντίνος Π. (Εισηγητής διατριβής)
Μορφή: Thesis Βιβλίο
Γλώσσα:Greek
Δημοσίευση: Μυτιλήνη : Πανεπιστήμιο Αιγαίου, Τμήμα Περιβάλλοντος, Τομέας Περιβαλλοντικής Μηχανικής και Επιστήμης, 1995
Θέματα:
Διαθέσιμο Online:http://hdl.handle.net/11610/9952
Ετικέτες: Προσθήκη ετικέτας
Δεν υπάρχουν, Καταχωρήστε ετικέτα πρώτοι!

MARC

LEADER 00000cam a2200000 i 4500
001 1/5539
008 000607s1995 gre d
035 |l 10061617 
040 |a GR-MY-UA  |b gre  |e aacr 
041 0 |a gre 
082 0 |a 628.44  |2 (22) 
100 1 |a Παναγόπουλος, Χρήστος. 
245 1 0 |a Διακίνηση οχημάτων στο χώρο διάθεσης απορριμμάτων "Λεμονού" :  |b πτυχιακή εργασία /  |c Παναγόπουλος Χρήστος; Παπαδόπουλος Αλέξανδρος ; επιβλέπων καθηγητής: Κ. Π. Χαλβαδάκης 
260 |a Μυτιλήνη :   |b Πανεπιστήμιο Αιγαίου, Τμήμα Περιβάλλοντος, Τομέας Περιβαλλοντικής Μηχανικής και Επιστήμης,   |c 1995 
300 |a 33 σ.;  |b εικ., πι., σχ.;  |c 30 εκ. 
500 |a Επιτροπή: Γιάννης Σπιλάνης, Μιχάλης Σκούρτος, Κ. Χαλβαδάκης 
502 |a Πτυχιακή εργασία – Πανεπιστήμιο Αιγαίου, Λέσβος, 1995. 
504 |a Περιέχει παραρτήματα και βιβλιογραφία 
650 0 0 |a Integrated solid waste management  |z Greece  |z Lesbos (Municipality) 
650 0 0 |a Dissertations, Academic  |z Greece. 
700 1 |a Παπαδόπουλος, Αλέξανδρος. 
700 1 |a Χαλβαδάκης, Κωνσταντίνος Π.  |4 ths 
710 2 |a Πανεπιστήμιο Αιγαίου.   |b Σχολή Περιβάλλοντος.   |b Τμήμα Περιβάλλοντος. 
852 |a INST  |b LESVOS  |c DIATR  |e 20000607  |h 279  |p 005100026073  |q 005100026073  |t DIE  |y 23 
852 |a INST  |b LESVOS  |c DIATR  |e 20000607  |h 280  |p 005100026074  |q 005100026074  |t DIE  |y 23 
856 |u http://hdl.handle.net/11610/9952 
901 |a BIBL1-2000-2 
909 |a Λ  |b 080294 
909 |a Λ  |b 080295 
924 |a ΠΑΝΑΓΟΠΟΥΛΟΣ  |b ΧΡΗΣΤΟΣ  |b ΑΛΕΞΑΝΔΡΟΣ  |y ΛΕΣΒΟΣ  |y ΛΕΣΒΟΣ  |z 1996-03  |z 1996-03 
924 |a ΠΑΠΑΔΟΠΟΥΛΟΣ 
970 |a ΑΙΒΑΤΖΙΔΟΥ  |b ΕΛΕΝΗ  |z 2000/06/07